[Event "Politiken Cup 2007"]
[Site "Helsingor"]
[Date "2007.07.25"]
[Round "6.50"]
[White "Rossen, Claus"]
[Black "Schmied, Andreas"]
[Result "1-0"]
[WhiteElo "2200"]
[BlackElo "2054"]
[PlyCount "71"]
[EventDate "2007.??.??"]

1. d4 Nf6 2. c4 e6 3. Nc3 Bb4 4. Qc2 d5 5. a3 Bxc3+ 6. Qxc3 Ne4 7. Qc2 c5 8.
dxc5 Nc6 9. Nf3 Qa5+ 10. Bd2 Qxc5 11. e3 Nxd2 12. Nxd2 O-O 13. Bd3 h6 14. b4
Qe7 15. c5 Bd7 16. O-O Rfc8 17. Nb3 Ne5 18. Be2 Ba4 19. Qb2 Bxb3 20. Qxb3 a5
21. f4 Nd7 22. Qc3 Rc7 23. Qd4 Qd8 24. f5 axb4 25. fxe6 Nxc5 26. exf7+ Kf8 27.
Qxb4 Ra4 28. Qb6 Rc8 29. Qg6 Qg5 30. Qh7 Raa8 31. Bb5 Ne4 32. Be8 Qxe3+ 33. Kh1
Nf2+ 34. Rxf2 Qxf2 35. Qg8+ Ke7 36. Qxg7 1-0

[Event "Politiken Cup 2007"]
[Site "Helsingor"]
[Date "2007.07.25"]
[Round "6.51"]
[White "Blomstrom, Lars"]
[Black "Jensen, Ib"]
[Result "1/2-1/2"]
[WhiteElo "2197"]
[BlackElo "2047"]
[PlyCount "99"]
[EventDate "2007.??.??"]

1. e4 e5 2. Nf3 d6 3. Bc4 Be7 4. d4 exd4 5. Nxd4 Nf6 6. Nc3 O-O 7. Bb3 a6 8. a4
c5 9. Nde2 Nc6 10. O-O Nb4 11. Nf4 Re8 12. Re1 Bf8 13. f3 Bd7 14. Nfd5 Nbxd5
15. Nxd5 Nxd5 16. Bxd5 Rb8 17. a5 Be6 18. Ra3 Bxd5 19. Qxd5 Re5 20. Qd3 Qh4 21.
g3 Qh3 22. Bf4 Rh5 23. g4 c4 24. Qxc4 Rc5 25. Qd3 Rbc8 26. Re2 h5 27. gxh5 Rxh5
28. Rg2 Qh4 29. Bg3 Qf6 30. b4 Rb5 31. c3 Qe6 32. Bf2 d5 33. Bd4 dxe4 34. Qxe4
Qh6 35. Ra1 Rg5 36. Rd1 Rxg2+ 37. Kxg2 Rc6 38. Kh1 Re6 39. Qd3 Bd6 40. Bg1 Qf4
41. Rf1 Be5 42. Qe3 Qc4 43. Rd1 Bxc3 44. Rd8+ Kh7 45. Qg5 Rg6 46. Qh5+ Rh6 47.
Qf5+ g6 48. Qc8 Qxc8 49. Rxc8 Bxb4 50. Rc7 1/2-1/2

[Event "Politiken Cup 2007"]
[Site "Helsingor"]
[Date "2007.07.25"]
[Round "6.52"]
[White "Johansson, Alexander"]
[Black "Flindt, Thomas"]
[Result "1-0"]
[WhiteElo "2028"]
[BlackElo "2196"]
[PlyCount "89"]
[EventDate "2007.??.??"]

1. d4 f5 2. e4 fxe4 3. Nc3 Nf6 4. Bg5 Nc6 5. d5 Ne5 6. Qd4 Nf7 7. Bxf6 exf6 8.
O-O-O Be7 9. Nxe4 O-O 10. Ng3 c5 11. Qd2 Nd6 12. f4 b5 13. f5 b4 14. Re1 Re8
15. Ne4 Nxe4 16. Rxe4 Bd6 17. Rxe8+ Qxe8 18. Nf3 Qd8 19. Bc4 a5 20. h4 Ba6 21.
Bxa6 Rxa6 22. h5 h6 23. Rh4 Qe8 24. Qd3 Ra8 25. Kd1 a4 26. Nd2 Qe7 27. Re4 Qf7
28. g4 Qf8 29. Nc4 Qb8 30. Re2 Kf8 31. g5 hxg5 32. h6 gxh6 33. Qh3 Kg8 34. Qxh6
Bf8 35. Qg6+ Bg7 36. Re7 Qf8 37. d6 Rd8 38. Nb6 Kh8 39. Nxd7 Qg8 40. Kc1 Qh7
41. Re8+ Rxe8 42. Qxe8+ Qg8 43. Nf8 Qxf8 44. d7 b3 45. d8=Q 1-0

[Event "Politiken Cup 2007"]
[Site "Helsingor"]
[Date "2007.07.25"]
[Round "6.54"]
[White "Petersen, Nils"]
[Black "Zelbel, Patrick"]
[Result "0-1"]
[WhiteElo "2026"]
[BlackElo "2193"]
[PlyCount "90"]
[EventDate "2007.??.??"]

1. c4 g6 2. Nc3 Bg7 3. d4 Nf6 4. e4 d6 5. Nf3 O-O 6. Be2 e5 7. dxe5 dxe5 8.
Qxd8 Rxd8 9. O-O c6 10. h3 Nbd7 11. Rd1 Re8 12. Be3 Bf8 13. Nd2 Bc5 14. Bxc5
Nxc5 15. b4 Ne6 16. Nb3 b6 17. c5 a5 18. bxa5 bxa5 19. a4 Bd7 20. Bd3 Reb8 21.
Bc2 Rb4 22. Nb1 Be8 23. f3 Nd7 24. Rd3 Ndxc5 25. Nxc5 Nxc5 26. Rc3 Ne6 27. Nd2
c5 28. Nc4 Nd4 29. Kf1 Nxc2 30. Rxc2 Bxa4 31. Rc3 Bb5 32. Rac1 a4 33. Ke1 Bxc4
34. Rxc4 Rxc4 35. Rxc4 a3 36. Rc1 a2 37. Ra1 Kf8 38. Kd2 Ke7 39. Kc3 Kd6 40.
Kb2 Kc6 41. g4 h6 42. h4 Kb5 43. Kb3 c4+ 44. Kc3 Ra3+ 45. Kb2 Kb4 0-1

[Event "Politiken Cup 2007"]
[Site "Helsingor"]
[Date "2007.07.25"]
[Round "6.56"]
[White "Henrichsen, Jens"]
[Black "Wiwe, Andreas"]
[Result "0-1"]
[WhiteElo "2010"]
[BlackElo "2187"]
[PlyCount "84"]
[EventDate "2007.??.??"]

1. d4 f5 2. g3 Nf6 3. Bg2 g6 4. c3 d6 5. Qb3 Nc6 6. Nf3 e5 7. dxe5 dxe5 8. O-O
Bg7 9. Be3 Qe7 10. Ng5 Nd8 11. Rd1 Bd7 12. Qc4 Ng4 13. Bc1 h6 14. Nf3 Bc6 15.
h3 Nf6 16. Nh4 Qf7 17. Bxc6+ Nxc6 18. Qb5 Rb8 19. Na3 O-O 20. Be3 Ne4 21. Qd5
Kh7 22. Qxf7 Rxf7 23. Kg2 f4 24. gxf4 exf4 25. Bd2 Rd8 26. Be1 Re8 27. Nf3 Rfe7
28. Nc2 Na5 29. e3 Nc4 30. Rab1 fxe3 31. Nxe3 Nxe3+ 32. fxe3 Nd6 33. Bf2 Nc4
34. Re1 Nxe3+ 35. Bxe3 Rxe3 36. Rxe3 Rxe3 37. Kf2 Re6 38. Rd1 Ra6 39. a3 Rb6
40. b4 Rc6 41. Rd7 Rxc3 42. Nd4 Rd3 0-1

[Event "Politiken Cup 2007"]
[Site "Helsingor"]
[Date "2007.07.25"]
[Round "6.57"]
[White "Nielsen, Jan Mose"]
[Black "Nurmi, Timo"]
[Result "1-0"]
[WhiteElo "2175"]
[BlackElo "2008"]
[PlyCount "60"]
[EventDate "2007.??.??"]

1. e4 c5 2. Nf3 d6 3. d4 cxd4 4. Nxd4 Nf6 5. Nc3 a6 6. a4 b6 7. f3 e5 8. Nb3
Be6 9. Be3 Nbd7 10. Bd3 Be7 11. Qe2 Qc8 12. Rd1 O-O 13. O-O Nc5 14. Nxc5 dxc5
15. Bc4 Bxc4 16. Qxc4 Rb8 17. Nd5 Nxd5 18. Rxd5 b5 19. axb5 axb5 20. Qc3 c4 21.
Qa5 Ra8 22. Qb6 Rb8 23. Qa5 Ra8 24. Qxb5 Rb8 25. Qd7 Rb7 26. Qa4 Rxb2 27. Rxe5
Qb7 28. Qxc4 Rb1 29. g3 Rc8 30. Rxe7 Rxf1+ 1-0

[Event "Politiken Cup 2007"]
[Site "Helsingor"]
[Date "2007.07.25"]
[Round "6.58"]
[White "Andersen, Dag"]
[Black "Salama, Omar"]
[Result "1/2-1/2"]
[WhiteElo "1944"]
[BlackElo "2173"]
[PlyCount "81"]
[EventDate "2007.??.??"]

1. d4 Nf6 2. c4 c5 3. d5 e6 4. Nc3 exd5 5. cxd5 Bd6 6. e4 O-O 7. Bd3 Bc7 8. Nf3
d6 9. h3 a6 10. a4 Re8 11. O-O Nbd7 12. Re1 Nf8 13. Bf4 Ng6 14. Bh2 Ba5 15. Qc1
Rb8 16. Nd2 Bxc3 17. bxc3 b5 18. axb5 axb5 19. Qb2 Nh5 20. Re3 Ngf4 21. Bxf4
Nxf4 22. Bf1 Bd7 23. Kh2 Ng6 24. Qc2 h5 25. Nf3 h4 26. Bd3 Qf6 27. Ra7 Re7 28.
Ra6 b4 29. cxb4 Rxb4 30. Ra8+ Re8 31. Rxe8+ Bxe8 32. e5 Qf4+ 33. Kg1 Ba4 34.
Qc3 Ne7 35. exd6 Qxd6 36. Qe5 Qxe5 37. Rxe5 Nc8 38. d6 c4 39. Rd5 cxd3 40. d7
Bxd7 41. Rxd7 1/2-1/2

[Event "Politiken Cup 2007"]
[Site "Helsingor"]
[Date "2007.07.25"]
[Round "6.59"]
[White "Smeele, Frank"]
[Black "Knudsen, Jes West"]
[Result "0-1"]
[WhiteElo "2173"]
[BlackElo "1990"]
[PlyCount "58"]
[EventDate "2007.??.??"]

1. c4 e5 2. Nc3 f5 3. g3 Nf6 4. Bg2 Nc6 5. e3 Bb4 6. Nge2 O-O 7. O-O Ne7 8. d4
Bxc3 9. Nxc3 e4 10. f3 d5 11. fxe4 dxe4 12. b3 c6 13. Qe1 Be6 14. Ba3 Rf7 15.
Rd1 g5 16. Bh3 g4 17. Bg2 Ng6 18. Ne2 Qe8 19. Bb2 h5 20. Nf4 Nxf4 21. Rxf4 Qf8
22. Qc3 Qh6 23. Kf2 h4 24. d5 cxd5 25. Qe5 Nd7 26. Qd6 dxc4 27. bxc4 Rc8 28.
Rc1 Nc5 29. Rd1 Rd7 0-1

[Event "Politiken Cup 2007"]
[Site "Helsingor"]
[Date "2007.07.25"]
[Round "6.60"]
[White "Gretarsson, Hjorvar Stein"]
[Black "Korley, Kassa"]
[Result "1-0"]
[WhiteElo "2168"]
[BlackElo "1900"]
[PlyCount "51"]
[EventDate "2007.??.??"]

1. c4 e5 2. Nc3 Nf6 3. g3 c6 4. d4 exd4 5. Qxd4 c5 6. Qd3 Nc6 7. Bf4 a6 8. Bg2
d6 9. Rd1 Be6 10. Bxc6+ bxc6 11. Bxd6 Qxd6 12. Qxd6 Bxd6 13. Rxd6 Bxc4 14. Rxc6
Nd7 15. Nf3 O-O 16. b3 Be6 17. O-O h6 18. Rd1 Rfc8 19. Rxe6 fxe6 20. Rxd7 c4
21. b4 Rab8 22. a3 Rb6 23. Ne5 a5 24. b5 Rc5 25. f4 Rc8 26. Kf2 1-0

[Event "Politiken Cup 2007"]
[Site "Helsingor"]
[Date "2007.07.25"]
[Round "6.61"]
[White "Jørgensen, Rasmus"]
[Black "Vas, Peter"]
[Result "0-1"]
[WhiteElo "1399"]
[BlackElo "2166"]
[PlyCount "40"]
[EventDate "2007.??.??"]

1. e4 e5 2. Nf3 Nf6 3. Nxe5 d6 4. Nf3 Nxe4 5. d4 d5 6. Bd3 Be7 7. O-O Nc6 8.
Re1 Bf5 9. c3 O-O 10. Qc2 Bd6 11. Be3 Re8 12. Nbd2 h6 13. Nf1 Qf6 14. h3 Bxh3
15. a3 Qg6 16. g3 f5 17. Nh4 Qf6 18. f4 Nxg3 19. Nf3 Qg6 20. Kf2 Ne4+ 0-1

[Event "Politiken Cup 2007"]
[Site "Helsingor"]
[Date "2007.07.25"]
[Round "6.62"]
[White "Larsen, Tor Ketil"]
[Black "Petersen, Steen"]
[Result "0-1"]
[WhiteElo "1694"]
[BlackElo "2165"]
[PlyCount "96"]
[EventDate "2007.??.??"]

1. e4 e5 2. Nf3 Nc6 3. Bc4 Nf6 4. d4 exd4 5. e5 Ne4 6. Bd5 Nc5 7. Nbd2 Nb4 8.
Bb3 d3 9. O-O dxc2 10. Bxc2 Nxc2 11. Qxc2 d5 12. exd6 Bxd6 13. Re1+ Be6 14. Ne4
Nxe4 15. Qxe4 Qd7 16. Qxb7 O-O 17. Kh1 a5 18. Nd4 Bb4 19. Nxe6 fxe6 20. Rf1 Qd4
21. a3 Bd6 22. Qb3 Qe5 23. f4 Qe4 24. Bd2 Rab8 25. Qc3 Rb5 26. Rae1 Qd5 27. Qg3
Qxd2 28. Rxe6 Rxb2 29. Qg4 Qd3 30. Rfe1 Rb1 31. h3 Rxe1+ 32. Rxe1 Qf5 33. Rc1
Qxg4 34. hxg4 Rxf4 35. g5 Rg4 36. Kg1 Bg3 37. Rc5 Re4 38. Rc1 c5 39. Kf1 c4 40.
g6 c3 41. Rd1 hxg6 42. Rc1 c2 43. a4 g5 44. Ra1 Kf7 45. Rc1 Ke6 46. Ra1 Kd5 47.
Rc1 Kd4 48. Ra1 Kc3 0-1

[Event "Politiken Cup 2007"]
[Site "Helsingor"]
[Date "2007.07.25"]
[Round "6.63"]
[White "Søndergaard, Thomas"]
[Black "Hvenekilde, Jorgen"]
[Result "1-0"]
[WhiteElo "1778"]
[BlackElo "2239"]
[PlyCount "69"]
[EventDate "2007.??.??"]

1. e4 g6 2. Nc3 Bg7 3. Bc4 d6 4. f4 a6 5. a4 e6 6. Qe2 Ne7 7. Nf3 c5 8. O-O
Nbc6 9. d3 Rb8 10. Be3 Bd7 11. Qf2 Qc7 12. Bb3 O-O 13. Kh1 b5 14. axb5 axb5 15.
e5 dxe5 16. Nxe5 Nxe5 17. fxe5 Bc6 18. Bxc5 Bxe5 19. d4 Bd6 20. Ra7 Qd8 21.
Bxd6 Qxd6 22. Qf6 Rb7 23. Ra8 Nf5 24. d5 Rxa8 25. dxe6 Raa7 26. Rxf5 Ra1+ 27.
Rf1 Rxf1+ 28. Qxf1 fxe6 29. Qf6 Re7 30. h4 Be8 31. Ne4 Qd7 32. Ng5 Qd1+ 33. Kh2
Qd6+ 34. Kh3 h6 35. Bxe6+ 1-0

[Event "Politiken Cup 2007"]
[Site "Helsingor"]
[Date "2007.07.25"]
[Round "6.64"]
[White "Roelvaag, Mikael"]
[Black "Nielsen, John Holm"]
[Result "1/2-1/2"]
[WhiteElo "2245"]
[BlackElo "2024"]
[PlyCount "42"]
[EventDate "2007.??.??"]

1. d4 d5 2. Nf3 Nf6 3. c4 c6 4. Nc3 dxc4 5. a4 Bf5 6. e3 e6 7. Bxc4 Bb4 8. O-O
O-O 9. Nh4 Bg4 10. f3 Bh5 11. g4 Nd5 12. Ng2 Bg6 13. Na2 Ba5 14. e4 Nb4 15. Be3
Nxa2 16. Rxa2 Nd7 17. Ra3 Qe7 18. Ba2 Rfd8 19. Qe2 Bb4 20. Rd3 f6 21. Bf2 Bf7
1/2-1/2

[Event "Politiken Cup 2007"]
[Site "Helsingor"]
[Date "2007.07.25"]
[Round "6.65"]
[White "Skovgaard, Tom"]
[Black "Andreasen, Per"]
[Result "0-1"]
[WhiteElo "1995"]
[BlackElo "2228"]
[PlyCount "90"]
[EventDate "2007.??.??"]

1. e4 g6 2. d4 Bg7 3. Nc3 d6 4. h3 a6 5. Nf3 b5 6. a4 b4 7. Ne2 Nd7 8. c3 bxc3
9. bxc3 Ngf6 10. Ng3 O-O 11. Bc4 Nb6 12. Bb3 a5 13. O-O Ba6 14. Re1 Rb8 15. d5
Nfd7 16. Nd4 Bb7 17. Be3 Nc5 18. Nb5 c6 19. dxc6 Bxc6 20. Bd4 Nxb3 21. Bxg7
Kxg7 22. Qxb3 Nxa4 23. c4 Nc5 24. Qc3+ Kg8 25. Rxa5 Rb7 26. Nd4 Bd7 27. e5 Nd3
28. exd6 Nxe1 29. Qxe1 exd6 30. Qd2 Re8 31. Rd5 Qf6 32. Nf3 Bc6 33. Rxd6 Qa1+
34. Kh2 Bxf3 35. gxf3 Qb2 36. Ne4 Qxd2 37. Rxd2 Rc8 38. Nd6 Rd7 39. c5 Rxc5 40.
Kg3 Rc6 41. Nc8 Rxd2 42. Ne7+ Kg7 43. Nxc6 Kf6 44. f4 Rd3+ 45. f3 h5 0-1

[Event "Politiken Cup 2007"]
[Site "Helsingor"]
[Date "2007.07.25"]
[Round "6.66"]
[White "Pedersen, Henrik B"]
[Black "Kokholm, Daniel"]
[Result "1-0"]
[WhiteElo "2189"]
[BlackElo "2000"]
[PlyCount "45"]
[EventDate "2007.??.??"]

1. e4 d5 2. exd5 Qxd5 3. Nc3 Qa5 4. d4 c6 5. Bc4 Bf5 6. Nf3 Nf6 7. Bd2 e6 8.
Qe2 Bb4 9. a3 Nbd7 10. O-O-O Bxc3 11. Bxc3 Qc7 12. Ne5 Nxe5 13. dxe5 Nd5 14.
Bd2 O-O-O 15. g4 Bg6 16. f4 h5 17. h3 h4 18. Rhf1 Kb8 19. Bxd5 cxd5 20. Bb4 Be4
21. Bd6 Rxd6 22. exd6 Qxd6 23. Qxe4 1-0

[Event "Politiken Cup 2007"]
[Site "Helsingor"]
[Date "2007.07.25"]
[Round "6.67"]
[White "Danielsson, Robert"]
[Black "Tadjerbashi, Amir"]
[Result "0-1"]
[WhiteElo "1973"]
[BlackElo "2182"]
[PlyCount "68"]
[EventDate "2007.??.??"]

1. d4 d5 2. c4 c6 3. Nf3 Nf6 4. Nbd2 Bf5 5. g3 e6 6. Bg2 Nbd7 7. O-O h6 8. b3
Be7 9. Bb2 Ne4 10. Re1 O-O 11. Ne5 Bb4 12. Nxd7 Qxd7 13. Bxe4 dxe4 14. a3 Be7
15. c5 e3 16. Nf3 exf2+ 17. Kxf2 Qd5 18. Qc1 Be4 19. Qc3 Qh5 20. Kg1 f5 21. Nd2
Bd5 22. e3 Rf6 23. Qd3 Rg6 24. Rf1 Qh3 25. e4 fxe4 26. Nxe4 Rg4 27. Rae1 h5 28.
Bc1 e5 29. b4 h4 30. Rf3 Rf8 31. Rxf8+ Bxf8 32. Re3 hxg3 33. Rxg3 Bxe4 34. Qxe4
Qxg3+ 0-1

[Event "Politiken Cup 2007"]
[Site "Helsingor"]
[Date "2007.07.25"]
[Round "6.68"]
[White "Leszczynski, Krzysztof"]
[Black "Svanholm, Børge Waaktaar"]
[Result "0-1"]
[WhiteElo "2180"]
[BlackElo "1977"]
[PlyCount "148"]
[EventDate "2007.??.??"]

1. d4 Nf6 2. c4 g6 3. Nc3 Bg7 4. e4 d6 5. Bd3 e5 6. d5 c6 7. Nge2 Nbd7 8. h3
Nc5 9. Bc2 a5 10. Bg5 h6 11. Be3 cxd5 12. cxd5 O-O 13. O-O Ne8 14. Qd2 Kh7 15.
a4 f5 16. exf5 Bxf5 17. Ng3 Bxc2 18. Qxc2 Nf6 19. Rfd1 Rc8 20. Rab1 Na6 21. Qe2
Nd7 22. Nge4 Ndc5 23. Qg4 h5 24. Ng5+ Kg8 25. Qe2 Bh6 26. Ne6 Nxe6 27. Bxh6 Nf4
28. Qc2 Nb4 29. Qe4 Rf5 30. Bxf4 exf4 31. Qe6+ Kg7 32. Nb5 Rf6 33. Qe4 Qe8 34.
Qf3 Qe5 35. Nc3 Rf7 36. Re1 Qf5 37. Re6 Rf6 38. Rbe1 Rxe6 39. Rxe6 Nd3 40. Re7+
Kf8 41. Rxb7 Ne5 42. Qe4 Qg5 43. f3 Re8 44. Qe2 Nc4 45. Qf2 Ne3 46. Rb5 Qe5 47.
Rxa5 Nf5 48. Rb5 Ng3 49. Ne4 Nxe4 50. fxe4 Qxe4 51. Qd2 g5 52. Rb4 Qb1+ 53. Kf2
Rc8 54. Kf3 Qf1+ 55. Ke4 Qb1+ 56. Kd4 Qg1+ 57. Kd3 Qb1+ 58. Kd4 Qg1+ 59. Ke4
Qb1+ 60. Qd3 Re8+ 61. Kd4 Qg1+ 62. Kc4 Qc5+ 63. Kb3 Re3 64. Qc3 Qxd5+ 65. Rc4
Rxc3+ 66. bxc3 Ke7 67. Kb4 Qxg2 68. a5 Qb2+ 69. Ka4 f3 70. a6 f2 71. a7 f1=Q
72. Rc7+ Ke6 73. Re7+ Kxe7 74. a8=Q Qfa1# 0-1

[Event "Politiken Cup 2007"]
[Site "Helsingor"]
[Date "2007.07.25"]
[Round "6.70"]
[White "Helmers, Wim"]
[Black "Frank-Nielsen, Marie"]
[Result "1/2-1/2"]
[WhiteElo "2142"]
[BlackElo "1967"]
[PlyCount "77"]
[EventDate "2007.??.??"]

1. d4 d5 2. c4 c6 3. Nf3 Nf6 4. Nc3 dxc4 5. a4 Bf5 6. e3 e6 7. Bxc4 Bb4 8. O-O
O-O 9. Nh4 Bg6 10. Nxg6 hxg6 11. Qc2 Nbd7 12. Rd1 a6 13. e4 b5 14. Bb3 Qb6 15.
Bf4 Rac8 16. Qe2 Rfe8 17. h3 e5 18. dxe5 Nxe5 19. Be3 Qb7 20. axb5 cxb5 21. Nd5
Bc5 22. Nxf6+ gxf6 23. Bd5 Qa7 24. b4 Bxe3 25. Qxe3 Qxe3 26. fxe3 Nc4 27. Rd3
Nb2 28. Rb3 Na4 29. Bb7 Rc3 30. Raa3 Rc1+ 31. Kf2 Re6 32. Rd3 Kg7 33. Rd8 Rb1
34. Rd4 Rb6 35. Bd5 Rc1 36. Rdd3 Rb1 37. Rab3 Rc1 38. Ra3 Rb1 39. Rab3 1/2-1/2

[Event "Politiken Cup 2007"]
[Site "Helsingor"]
[Date "2007.07.25"]
[Round "6.71"]
[White "Christensen, Janus"]
[Black "Rasmussen, Morten"]
[Result "1/2-1/2"]
[WhiteElo "2137"]
[BlackElo "1958"]
[PlyCount "126"]
[EventDate "2007.??.??"]

1. e4 e5 2. Bc4 Nf6 3. d4 Nxe4 4. dxe5 c6 5. Qe2 Nc5 6. Be3 Be7 7. Bxc5 Bxc5 8.
Bxf7+ Kxf7 9. Qc4+ d5 10. exd6+ Be6 11. Qxc5 Bd5 12. Ne2 Re8 13. Nbc3 Qg5 14.
Nxd5 Nd7 15. Qd4 cxd5 16. Rd1 Nf6 17. Kf1 Re4 18. Qd2 Qe5 19. Nc3 Rb4 20. b3
Ke6 21. Re1 Ne4 22. Qe3 Kxd6 23. a3 Rb6 24. Nxe4+ dxe4 25. Qxe4 Qxe4 26. Rxe4
Rc8 27. Re2 Rbc6 28. c4 b5 29. Rd2+ Ke6 30. Rc2 bxc4 31. b4 c3 32. Ke2 Ke5 33.
Re1 Kd4 34. Kd1 Kc4 35. Kc1 Kb3 36. Kb1 Rd6 37. Re3 Rd1+ 38. Rc1 Rd2 39. Rf3
Rb2+ 40. Ka1 Ra2+ 41. Kb1 Rxa3 42. b5 Ra5 43. Re1 Rc7 44. Re2 Rd7 45. Rb2+ Kc4
46. Rf4+ Rd4 47. Rb4+ Kxb4 48. Rxd4+ Kb3 49. Rd3 Rxb5 50. Rh3 Re5 51. Re3 Rd5
52. Kc1 Rd2 53. Re7 Rxf2 54. Rb7+ Kc4 55. Rxg7 Kd3 56. Rd7+ Ke3 57. Rxa7 Rxg2
58. Rxh7 Rg1+ 59. Kc2 Rh1 60. Kxc3 Kf3 61. h4 Kg4 62. Rg7+ Kh5 63. Kd4 Rxh4+
1/2-1/2

[Event "Politiken Cup 2007"]
[Site "Helsingor"]
[Date "2007.07.25"]
[Round "6.73"]
[White "Sjol, Henrik"]
[Black "Nielsen, Borge Hjerrild"]
[Result "0-1"]
[WhiteElo "1904"]
[BlackElo "2121"]
[PlyCount "56"]
[EventDate "2007.??.??"]

1. e4 c6 2. d4 d5 3. e5 Bf5 4. Nc3 e6 5. g4 Bg6 6. Nge2 c5 7. h4 h5 8. Nf4 Bh7
9. Nxh5 Nc6 10. Ne2 Nb4 11. Bg2 Nxc2+ 12. Kf1 Nxa1 13. Bd2 Nc2 14. dxc5 Qc7 15.
Rh3 d4 16. b4 O-O-O 17. Nhf4 d3 18. Nc3 Nxb4 19. Qa4 Bxc5 20. Nb5 Qb6 21. Bxb4
Bxb4 22. Qxb4 d2 23. Bf3 d1=Q+ 24. Bxd1 Rxd1+ 25. Ke2 Rd7 26. Rc3+ Kb8 27. Qc4
Ne7 28. Rb3 Rc8 0-1

[Event "Politiken Cup 2007"]
[Site "Helsingor"]
[Date "2007.07.25"]
[Round "6.74"]
[White "Nordin, Eric"]
[Black "Nielsen, Carsten Juul"]
[Result "0-1"]
[WhiteElo "1843"]
[BlackElo "2115"]
[PlyCount "84"]
[EventDate "2007.??.??"]

1. e4 Nc6 2. Nf3 d6 3. d4 Nf6 4. Nc3 Bg4 5. d5 Ne5 6. Bb5+ Ned7 7. h3 a6 8. Ba4
Bxf3 9. Qxf3 g6 10. Bg5 Bg7 11. O-O O-O 12. Bxd7 Nxd7 13. Qe3 Qe8 14. f4 e6 15.
Rae1 Nb6 16. Qg3 Qd7 17. Qh4 Bd4+ 18. Kh1 f6 19. Bh6 Rf7 20. f5 g5 21. Qg4 exd5
22. exd5 Bxc3 23. bxc3 Kh8 24. c4 Na4 25. Re6 Nc5 26. Rfe1 Qd8 27. Qh5 Kg8 28.
R6e3 Nd7 29. h4 gxh4 30. Qg4+ Kh8 31. Qxh4 Ne5 32. Rg3 Qe7 33. Ree3 Rg8 34. Rh3
Rg4 35. Qf2 Rd4 36. Reg3 Re4 37. Qa7 Qe8 38. Qxb7 Ng4 39. Rxg4 Rxg4 40. Qxa6
Qe1+ 41. Kh2 Re7 42. c5 Qf2 0-1

[Event "Politiken Cup 2007"]
[Site "Helsingor"]
[Date "2007.07.25"]
[Round "6.75"]
[White "Carnstam, Tomas"]
[Black "Jensen, Mads"]
[Result "1-0"]
[WhiteElo "2091"]
[BlackElo "1851"]
[PlyCount "89"]
[EventDate "2007.??.??"]

1. d4 g6 2. e4 Bg7 3. Nf3 d6 4. Bc4 Nf6 5. Qe2 d5 6. exd5 Nxd5 7. Bb3 c6 8. c4
Nb6 9. Be3 Bg4 10. Nbd2 Na6 11. h3 Bf5 12. g4 Bd7 13. Ne4 h5 14. gxh5 Rxh5 15.
Nd6+ Kf8 16. Nxb7 Qc7 17. Nc5 Nxc5 18. dxc5 Na4 19. Bxa4 Qa5+ 20. Qd2 Qxa4 21.
Qxd7 Bxb2 22. Rd1 Qxc4 23. Qd3 Qxa2 24. Kf1 a5 25. Qb1 Qc4+ 26. Kg2 Rb8 27. Bd4
a4 28. Bxb2 Qb5 29. Ba3 Qb3 30. Qxb3 Rxb3 31. Rd8+ Kg7 32. Ra1 e5 33. Re8 f6
34. Re7+ Kf8 35. Re6 Kf7 36. Rxc6 e4 37. Rc7+ Ke8 38. Ng1 Rd5 39. Ra7 Rd4 40.
c6 Rc4 41. Ra8+ Kf7 42. c7 Rxc7 43. Rxa4 f5 44. Bc1 Rc2 45. R4a2 1-0

[Event "Politiken Cup 2007"]
[Site "Helsingor"]
[Date "2007.07.25"]
[Round "6.76"]
[White "Ziska, Andrias"]
[Black "Jensen, Michael Agermose"]
[Result "0-1"]
[WhiteElo "1901"]
[BlackElo "2086"]
[PlyCount "40"]
[EventDate "2007.??.??"]

1. e4 c5 2. Nf3 d6 3. d4 cxd4 4. Nxd4 Nf6 5. Nc3 g6 6. Be2 Bg7 7. Be3 Nc6 8.
Qd2 O-O 9. O-O-O Nxd4 10. Bxd4 Be6 11. f3 Qa5 12. Kb1 Rfc8 13. a3 Rab8 14. g4
b5 15. g5 b4 16. Na2 Nxe4 17. fxe4 Bxd4 18. Qxd4 Bxa2+ 19. Kxa2 bxa3 20. b4
Rxb4 0-1

[Event "Politiken Cup 2007"]
[Site "Helsingor"]
[Date "2007.07.25"]
[Round "6.77"]
[White "Brorsen, Jacob Abildlund"]
[Black "Vos, Chris"]
[Result "0-1"]
[WhiteElo "1818"]
[BlackElo "2071"]
[PlyCount "174"]
[EventDate "2007.??.??"]

1. d4 Nf6 2. Nf3 g6 3. c4 Bg7 4. g3 O-O 5. Bg2 d6 6. O-O Nbd7 7. Nc3 c6 8. e4
e5 9. d5 cxd5 10. cxd5 Nh5 11. Be3 Nb6 12. Nh4 Bf6 13. Nf5 Bxf5 14. exf5 Bg5
15. Qg4 Bxe3 16. fxe3 Rc8 17. Qe2 Nc4 18. b3 Na3 19. Rac1 Qb6 20. Qf2 Nf6 21.
Na4 Qd8 22. Qb2 Nb5 23. Qe2 Nc7 24. Nc3 Na6 25. g4 g5 26. Be4 Rxc3 27. Rxc3
Nxe4 28. Rc4 Nf6 29. Rd1 Qb6 30. Kf2 Kg7 31. Kg3 Rh8 32. h4 h6 33. h5 Nb4 34.
e4 Na6 35. b4 Qb5 36. a3 Nd7 37. Kf3 Kf6 38. Rdc1 Nb6 39. R4c3 Qxe2+ 40. Kxe2
Ke7 41. Ke3 Kd7 42. Rb1 Rc8 43. Rbc1 Rxc3+ 44. Rxc3 Nc7 45. Kd3 Nb5 46. Rb3 Nd4
47. Rc3 Na4 48. Rc1 b5 49. Rb1 Kc7 50. Rc1+ Kb7 51. Re1 a6 52. Rf1 Nb2+ 53. Kc3
Nc4 54. Ra1 Ne3 55. Kd3 Nxg4 56. Ra2 Nf6 57. Ke3 Kb6 58. Rb2 g4 59. Rg2 a5 60.
Kd3 Nf3 61. Ke3 axb4 62. axb4 Ng5 63. Rc2 Ngxe4 64. Rc8 Nc3 65. Rc6+ Kb7 66.
Rxd6 Ncxd5+ 67. Ke2 Nf4+ 68. Ke3 N6d5+ 69. Kf2 f6 70. Rd8 Kc7 71. Rh8 Nxh5 72.
Rxh6 Nhf4 73. Rh4 Nd3+ 74. Ke2 N5xb4 75. Rxg4 Nf4+ 76. Ke3 Kd6 77. Rg8 Nbd5+
78. Ke4 Kc5 79. Rc8+ Kb4 80. Rc6 Kb3 81. Ra6 b4 82. Rc6 Kb2 83. Ra6 b3 84. Rc6
Kb1 85. Rc8 b2 86. Rc6 Ka2 87. Ra6+ Kb3 0-1

[Event "Politiken Cup 2007"]
[Site "Helsingor"]
[Date "2007.07.25"]
[Round "6.78"]
[White "Andersen, Mads"]
[Black "Nielsen, Palle"]
[Result "1-0"]
[WhiteElo "2070"]
[BlackElo "1877"]
[PlyCount "99"]
[EventDate "2007.??.??"]

1. e4 Nc6 2. Nf3 e6 3. d4 d5 4. e5 h6 5. c3 f5 6. exf6 Qxf6 7. Bd3 Bd6 8. O-O
Bd7 9. Re1 O-O-O 10. b4 Rf8 11. b5 Nb8 12. Ba3 Bxa3 13. Nxa3 g5 14. Qe2 Ne7 15.
Ne5 Kd8 16. Nc2 h5 17. Ne3 Be8 18. g3 Nd7 19. Nxd7 Kxd7 20. Ng2 h4 21. Rf1 hxg3
22. fxg3 Qh6 23. Ne3 Bh5 24. Qg2 Bf3 25. Rxf3 Rxf3 26. Ng4 Rxd3 27. Nxh6 Rxh6
28. Qc2 Re3 29. Qd2 Rf3 30. Rf1 Rxf1+ 31. Kxf1 Rf6+ 32. Ke2 Rf5 33. h3 c6 34.
a4 Kc7 35. Qe3 Kd7 36. Kd3 cxb5 37. axb5 a6 38. bxa6 bxa6 39. Kc2 Nc6 40. h4 g4
41. Qe2 Na5 42. Qxg4 Nc4 43. Qg7+ Kd6 44. h5 Rf2+ 45. Kd1 Nb2+ 46. Kc1 Nd3+ 47.
Kb1 Rf1+ 48. Kc2 Nf2 49. Qe5+ Kd7 50. Qe2 1-0

[Event "Politiken Cup 2007"]
[Site "Helsingor"]
[Date "2007.07.25"]
[Round "6.79"]
[White "Sihvonen, Tero"]
[Black "Jørgensen, Carina Eilegaard"]
[Result "1-0"]
[WhiteElo "2056"]
[BlackElo "1726"]
[PlyCount "77"]
[EventDate "2007.??.??"]

1. e4 c5 2. f4 d6 3. Nf3 Nf6 4. Bb5+ Nc6 5. Bxc6+ bxc6 6. Qe2 e6 7. O-O Qb6 8.
Kh1 Be7 9. b3 O-O 10. e5 Nd5 11. d3 a5 12. Na3 Nc3 13. Qe1 Nb5 14. Nc4 Qc7 15.
exd6 Nxd6 16. Nce5 Ne8 17. a4 Nf6 18. Bb2 Ba6 19. Qg3 Nh5 20. Qg4 g6 21. Nd2
Rad8 22. Qf3 Rd5 23. Rae1 Bf6 24. g4 Ng7 25. g5 Be7 26. Ng4 Qd7 27. Ne4 Rf5 28.
Qh3 Bxd3 29. cxd3 Qd5 30. Qf3 Qxb3 31. Nh6+ Kh8 32. Bxg7+ Kxg7 33. Nxf5+ gxf5
34. Nd2 Qxa4 35. Nc4 Rb8 36. Rb1 Rb4 37. Ra1 Qc2 38. Rfc1 Qb3 39. Rxa5 1-0

[Event "Politiken Cup 2007"]
[Site "Helsingor"]
[Date "2007.07.25"]
[Round "6.80"]
[White "Jensen, Morten Frank"]
[Black "Helgadottir, Sigridur Bjorg"]
[Result "1/2-1/2"]
[WhiteElo "2054"]
[BlackElo "1564"]
[PlyCount "83"]
[EventDate "2007.??.??"]

1. e4 c5 2. Nc3 Nc6 3. g3 e6 4. Bg2 Nf6 5. d3 d5 6. Bg5 Be7 7. Nf3 a6 8. O-O b5
9. exd5 Nxd5 10. Nxd5 exd5 11. Re1 O-O 12. Bxe7 Nxe7 13. a4 b4 14. b3 Ra7 15.
d4 c4 16. Ne5 Be6 17. Qh5 f6 18. Nc6 Nxc6 19. Rxe6 Nxd4 20. Bxd5 Nxe6 21. Bxe6+
Kh8 22. Rd1 Qe7 23. Bxc4 Rd8 24. Rf1 g6 25. Qh6 a5 26. Qc1 Kg7 27. Re1 Qc5 28.
Qf4 Re7 29. Rxe7+ Qxe7 30. Bd3 Re8 31. Qd4 Qb7 32. f3 Re5 33. Be4 Qe7 34. Kf2
Qc5 35. Qxc5 Rxc5 36. Ke3 f5 37. Bd3 Kf6 38. h4 h6 39. g4 fxg4 40. fxg4 g5 41.
Kd4 Rc8 42. h5 1/2-1/2